000 00985cam a2200361 4500
001 ABS61508
008 000000n1999 000 0 eng u
035 _a(Sirsi) u102642
245 _aFocus '99: industrial and distribution
260 _c1999
490 _aEstates Gazette
_v(9946) 20 November 1999, 77-155(22)
590 _aABS
650 _aDISTRIBUTION SECTOR
650 _aBROWNFIELD LAND
650 _aELECTRONIC COMMERCE
650 _aTRANSPORT
650 _aWAREHOUSING
650 _aWAL-MART
650 _aSUPPLY CHAIN
650 _aHIGH BAY WAREHOUSES
650 _aCALL CENTRES
650 _aSECONDHAND SPACE
650 _aPLANNING SYSTEM
650 _aMANUFACTURING SECTOR
650 _aINDUSTRIAL MARKET
650 _aSPECULATIVE DEVELOPMENT
650 _aPRIME RENTS
650 _aLAND VALUES
650 _aMOTOR INDUSTRY
650 _aRAIL FREIGHT
690 _aPROPERTY-COMMERCIAL PROPERTY-COMMERCIAL PROPERTY MARKET
942 _n0
999 _c61637
_d61637